000 01194cam a2200325 i 4500
999 _c18486
_d18486
001 2706189
003 BDDh-ASL
005 20231015025717.0
008 760512s1977 enka b 001 0beng
010 _a 76010407
020 _a0521212790 :
_c$20.00
040 _aDLC
_cDLC
_dBDDh-ASL
043 _aa-ii---
050 0 0 _aDS481.G3
_bB73
082 0 0 _a923.5403
_aB
_bBRG
100 1 _aBrown, Judith M.
_q(Judith Margaret),
_d1944-
245 1 0 _aGandhi and civil disobedience :
_bthe Mahatma in Indian politics, 1928-34 /
_cJudith M. Brown.
260 _aCambridge :
_bCambridge University Press,
_c1977.
300 _axix, 414 p. :
_bill. ;
_c23 cm.
500 _aIncludes index.
504 _aBibliography: p. 398-403.
600 1 0 _aGandhi,
_cMahatma,
_d1869-1948.
650 0 _aPassive resistance
_zIndia.
650 0 _aCivil disobedience
_zIndia.
651 0 _aIndia
_xPolitics and government
_y1919-1947.
856 4 1 _3Table of contents only
_uhttp://www.loc.gov/catdir/enhancements/fy0916/76010407-t.html
856 4 2 _3Publisher description
_uhttp://www.loc.gov/catdir/enhancements/fy0916/76010407-d.html
906 _a7
_bcbc
_corignew
_d1
_eocip
_f19
_gy-gencatlg
942 _2ddc
_cBK